000 00644nam a2200169 i 4500
001 32718
003 ES-MaACL
005 20230906154626.0
007 t|
008 030131s1907 sp ||||1| spa d
100 1 _aBertillón, Jacques.
_928462
245 1 0 _aCurso elemental de Estadística Administrativa
_b: elaboración de las estadísticas, organización de las Oficinas de Estadística, elementos de demografía /
_cpor Jacques Bertillón ; traducida por Antonio Revenga.
260 _aMadrid :
_b[s.n.,
_c1907] (
_fSucs. de M. Minuesa)
300 _a627 p. ;
_c20 cm.
700 1 _aRevenga, Antonio.
_996399
852 _aES-MaACL
_jF-14605
999 _c32718
_d32718